Le petit Larousse illustré

Сохранить в:
Библиографические подробности
Формат:
Язык:Undetermined
Опубликовано: Paris Larousse 2001
Предметы:
Метки: Добавить метку
Нет меток, Требуется 1-ая метка записи!
Thư viện lưu trữ: Trung tâm Học liệu Trường Đại học Cần Thơ
LEADER 00449nam a2200181Ia 4500
001 CTU_61524
008 210402s9999 xx 000 0 und d
020 |c 438000 
082 |a 443 
082 |b P489 
245 0 |a Le petit Larousse illustré 
260 |a Paris 
260 |b Larousse 
260 |c 2001 
650 |a French language 
650 |x Dictionaries 
904 |i Minh,Hải 
980 |a Trung tâm Học liệu Trường Đại học Cần Thơ